[Event "XLII Rilton Cup"]
[Site "Stockholm SWE"]
[Date "2012.12.28"]
[Round "2.27"]
[White "Evertsson,L"]
[Black "Ornstein,A"]
[Result "0-1"]
[WhiteElo "2187"]
[BlackElo "2361"]

1.c4 Nf6 2.Nf3 c5 3.Nc3 e6 4.e3 d5 5.cxd5 exd5 6.Bb5+ Nc6 7.d4 Bd6 8.dxc5 Bxc5
9.Ne5 Qc7 10.Nxc6 bxc6 11.Be2 O-O 12.O-O Qe5 13.Bf3 h5 14.Qa4 Bg4 15.Bxg4 Nxg4
16.g3 Qf6 17.Kg2 Rfe8 18.Qf4 Qg6 19.Bd2 Rab8 20.b3 Bd6 21.Qa4 h4 22.Rae1 h3+
23.Kh1 Bb4 24.a3 Qd3 25.axb4 Qxd2 26.Nd1 Ne5 27.e4 d4 28.Qa1 Nf3 29.Nb2 Nxe1
30.Nc4 Qe2 31.Qxe1 Qf3+ 32.Kg1 Qg2+  0-1

[Event "21st Donau Open 2012"]
[Site "Aschach AUT"]
[Date "2012.12.29"]
[Round "5"]
[White "Juhasz,Kr"]
[Black "Sadilek,P"]
[Result "0-1"]
[WhiteElo "2343"]
[BlackElo "2248"]

1.c4 Nf6 2.Nc3 c5 3.Nf3 e6 4.e3 a6 5.d4 d5 6.cxd5 exd5 7.Be2 Nc6 8.O-O Bd6
9.dxc5 Bxc5 10.b3 O-O 11.Bb2 Re8 12.Rc1 Ba7 13.Qc2 Qe7 14.Ng5 Nb4 15.Qd2 Ng4
16.Bxg4 Bxg4 17.Nf3 Bxf3 18.gxf3 Qg5+ 19.Kh1 Qh5 20.Rg1 Qxf3+ 21.Rg2 d4 22.Ne2 dxe3
23.Qxb4 exf2 24.Ng3 Rad8 25.Nf1 Rd3 26.Qe7 Rdd8 27.Qg5 g6 28.Qh4 Rd1 29.Rxd1 Qxd1
30.Rxf2 Bxf2 31.Qxf2 Re1 32.Kg1 Qg4+ 33.Qg3 Qxg3+ 34.hxg3 Re2 35.Bd4 Rxa2
36.Ne3 Rd2 37.Bc5 f5 38.b4 b5 39.Ng2 Rc2 40.Ne3 Rd2 41.Ng2 Kf7 42.Nf4 g5
43.Ng2 h6 44.Kf1 Ke6 45.Ne3 h5 46.Ke1 Ra2 47.Bb6 h4 48.gxh4 gxh4 49.Kf1 h3
50.Kg1 Rb2 51.Bc5 Ke5 52.Bf8 Ke4 53.Nf1 Kf3  0-1

[Event "3rd Arco Christmas"]
[Site "Arco ITA"]
[Date "2012.12.30"]
[Round "7.1"]
[White "De Santis,A"]
[Black "Lettieri,G"]
[Result "1/2-1/2"]
[WhiteElo "2281"]
[BlackElo "2380"]

1.Nf3 Nf6 2.c4 c5 3.Nc3 e6 4.g3 b6 5.Bg2 Bb7 6.O-O a6 7.b3 Be7 8.Bb2 O-O
9.Rc1 d6 10.d4 Nbd7 11.d5 exd5 12.Nh4 Rb8 13.cxd5 Re8 14.Nf5 Bf8 15.Qd2 h6
16.e4 b5 17.Rfe1 Kh7 18.f3 g6 19.Ne3 Bg7 20.Ncd1 Re7 21.Nf2 Qh8 22.Qa5 Rc8
23.Red1 Ne8 24.Bxg7 Nxg7 25.a4 Qd8 26.Qxd8 Rxd8 27.Bf1 b4 28.Nc4 Ne5 29.Nxe5 Rxe5
30.Nd3 Re7 31.Nb2 f5 32.Bd3 fxe4 33.fxe4 a5 34.Nc4 Ba6 35.Nxa5 Bxd3 36.Nc6 Bxe4
37.Nxe7 Nf5 38.Re1 Nxe7 39.Rxe4 Nxd5 40.Rd1 Nc3 41.Re7+ Kg8 42.Rf1 d5 43.Rff7 c4
44.Rg7+  1/2-1/2

[Event "2nd Erfurter WGM"]
[Site "Erfurt GER"]
[Date "2012.12.30"]
[Round "9.2"]
[White "Klek,H"]
[Black "Yildiz,B"]
[Result "0-1"]
[WhiteElo "2239"]
[BlackElo "2379"]

1.Nf3 Nf6 2.c4 c5 3.Nc3 d5 4.cxd5 Nxd5 5.e4 Nb4 6.Bc4 Nd3+ 7.Ke2 Nxc1+ 8.Rxc1 Nc6
9.Re1 Bg4 10.Kf1 e6 11.h3 Bxf3 12.Qxf3 Qc7 13.Nb5 Qe5 14.d4 cxd4 15.Bd5 Bb4
16.Re2 O-O 17.Bxc6 bxc6 18.Na3 Bxa3 19.Qxa3 Qh2 20.Rec2 Rad8 21.Qd3 f5 22.e5 Qh1+
23.Ke2 Qxg2 24.Rxc6 Qd5 25.R6c5 Qxa2 26.Qa3 Qxa3 27.bxa3 Rd7 28.Rb1 f4 29.Kd3 Kf7
30.Rb4 Rfd8 31.Ra5 Kg6 32.Rba4 Kf5 33.h4 g6 34.Rxa7 Kxe5 35.R7a5+ Kf6 36.Rb4 e5
37.f3 Rc8 38.Rb6+ Kg7 39.Rb3 Re7 40.Rd5 Rc1 41.a4 Rd1+ 42.Ke2 Ra1 43.a5 Kh6
44.Rbb5 Ra2+ 45.Kd3 Ra3+ 46.Ke2 Kh5 47.Rxd4 Kxh4 48.Rd6 Kg3 49.a6 Ra2+  0-1

[Event "88th Hastings Masters"]
[Site "Hastings ENG"]
[Date "2013.01.03"]
[Round "7.5"]
[White "Kulaots,K"]
[Black "Burns-Mannion,S"]
[Result "0-1"]
[WhiteElo "2581"]
[BlackElo "2351"]

1.c4 Nf6 2.Nc3 c5 3.Nf3 b6 4.e4 d6 5.d4 cxd4 6.Nxd4 Bb7 7.Qe2 g6 8.g3 Bg7
9.Bg2 O-O 10.O-O Nbd7 11.Rd1 Qc8 12.Nd5 Re8 13.Bg5 h6 14.Be3 Kh7 15.Nb5 Nxd5
16.cxd5 Ba6 17.Rac1 Qb7 18.b4 Rac8 19.a4 Bc3 20.Qf3 Ne5 21.Qf4 Bxb4 22.Qxh6+ Kg8
23.Bh3 Rxc1 24.Bxc1 Bxb5 25.axb5 Qc7 26.Rf1 Qc2 27.f3 Qe2 28.Bg2 Rc8 29.Be3 Rc3
30.Bd4 Rc2 31.Qh3 Bc5 32.Bxc5 bxc5 33.g4 Qe3+ 34.Kh1 Nd3  0-1

[Event "18th Bosnjaci Open"]
[Site "Bosnjaci CRO"]
[Date "2013.01.04"]
[Round "3.13"]
[White "Babic,Z"]
[Black "Sertic,Ru"]
[Result "1/2-1/2"]
[WhiteElo "2193"]
[BlackElo "2374"]

1.c4 c5 2.Nc3 e6 3.Nf3 Nf6 4.g3 b6 5.Bg2 Bb7 6.O-O Be7 7.b3 O-O 8.Bb2 d6
9.d4 cxd4 10.Nxd4 Bxg2 11.Kxg2 a6 12.e4 Qc7 13.Rc1 Qb7 14.Qe2 Nbd7 15.Rfd1 Rac8
16.f3 Rc7 17.Nc2 Rfc8 18.Ne3 Bf8 19.h3 Rc6 20.Kh2 Rb8 21.Nc2 Rc7 22.Nd4 Rbc8
23.Qe3  1/2-1/2

[Event "25th Staufer Open"]
[Site "Schwaebisch Gmuend GER"]
[Date "2013.01.05"]
[Round "8.1"]
[White "Buhmann,R"]
[Black "Zeller,F"]
[Result "1-0"]
[WhiteElo "2598"]
[BlackElo "2398"]

1.Nf3 c5 2.c4 Nf6 3.Nc3 e6 4.g3 b6 5.Bg2 Bb7 6.O-O d6 7.d4 cxd4 8.Qxd4 a6
9.Rd1 Be7 10.Bg5 Nbd7 11.Nd2 Bxg2 12.Kxg2 O-O 13.Nde4 Qc7 14.Rac1 Rfd8 15.f3 h6
16.Be3 Rab8 17.b3 Qc6 18.h4 Qa8 19.Nxf6+ Nxf6 20.Ne4 Ne8 21.Qb2 b5 22.c5 d5
23.Nf2 b4 24.Nd3 a5 25.a3 Bf6 26.Qa2 e5 27.c6 e4 28.Nf2 exf3+ 29.exf3 Nc7
30.axb4 Rxb4 31.Bc5 Rb5 32.Ng4 Ne6 33.Nxf6+ gxf6 34.Be7 Rc8 35.Qa4 Qa6 36.Qg4+ Kh7
37.Qf5+ Kg8 38.Rxd5 Rxb3 39.Qg4+ Kh7 40.Qe4+ Kg8 41.Bxf6 Rb4 42.Qe3 Rxc6
43.Rxc6 Qxc6 44.Qxh6 Qc2+ 45.Kh3 Qh7 46.Qc1 Rb8 47.h5 a4 48.Rg5+ Nxg5+ 49.Qxg5+ Kf8
50.Be5  1-0

[Event "18th Bosnjaci Open"]
[Site "Bosnjaci CRO"]
[Date "2013.01.06"]
[Round "6.7"]
[White "Sertic,Ru"]
[Black "Sulc,Da"]
[Result "1/2-1/2"]
[WhiteElo "2374"]
[BlackElo "2248"]

1.Nf3 Nf6 2.c4 e6 3.Nc3 c5 4.g3 b6 5.Bg2 Bb7 6.O-O Be7 7.Re1 Ne4 8.Na4 O-O
9.d3 Nf6 10.e4 d6 11.Nc3 a6 12.Nd2 Qc7 13.f4 Nfd7 14.f5 Bf6 15.Rf1 Nc6 16.Bh3 Nd4
17.Ne2 d5 18.fxe6 fxe6 19.Nf4 Rae8 20.cxd5 exd5 21.exd5 Be5 22.Ne4 Nf6 23.Nxf6+ Rxf6
24.Re1 Ref8 25.Bg2 Bxf4 26.Bxf4 Qd7 27.Re5 h6 28.Be4 Qf7 29.Rb1 Bc8 30.Kg2 g5
31.Bxg5 Rf2+ 32.Kh1 Nf3 33.Bxf3 Rxf3 34.Bf4 Bg4 35.Qd2 Qg6 36.Re3 Rxe3 37.Qxe3 Re8
38.Be5 Qf5 39.Re1 Bf3+ 40.Kg1 Bxd5 41.a3 Kh7 42.d4 cxd4 43.Qf4 Qxf4 44.gxf4 d3
45.Bc3  1/2-1/2

[Event "Australian Open 2013"]
[Site "Cammeray AUS"]
[Date "2013.01.09"]
[Round "8.2"]
[White "Ly,Mo"]
[Black "Illingworth,M"]
[Result "1-0"]
[WhiteElo "2417"]
[BlackElo "2408"]

1.c4 c5 2.Nc3 Nf6 3.Nf3 e6 4.g3 b6 5.Bg2 Bb7 6.O-O Be7 7.Re1 d6 8.e4 a6 9.d4 cxd4
10.Nxd4 Qc7 11.Be3 Nbd7 12.Rc1 O-O 13.f4 Rfe8 14.f5 Bf8 15.fxe6 fxe6 16.Bh3 Nc5
17.b4 Ncxe4 18.Nxe4 Nxe4 19.Bxe6+ Rxe6 20.Nxe6 Qd7 21.Nf4 b5 22.Nd5 bxc4
23.Rxc4 Qe6 24.Nb6 Rb8 25.Rc7 Qxa2 26.Qe2 Qe6 27.Nd7 Nc3 28.Qc4 Bd5 29.Nxf8 Qh3
30.Qf1 Qg4 31.Ne6 Qxe6 32.Rxg7+ Kxg7 33.Bd4+ Kg8 34.Rxe6 Bxe6 35.Bxc3  1-0

[Event "Prague Open A 2013"]
[Site "Prague CZE"]
[Date "2013.01.12"]
[Round "4.8"]
[White "Michalik,P"]
[Black "Sodoma,J"]
[Result "1-0"]
[WhiteElo "2499"]
[BlackElo "2379"]

1.Nf3 Nf6 2.c4 e6 3.Nc3 c5 4.g3 b6 5.Bg2 Bb7 6.O-O Be7 7.Re1 d6 8.e4 a6 9.d4 cxd4
10.Nxd4 Qc7 11.Bg5 O-O 12.Rc1 Nbd7 13.f4 Rfe8 14.f5 Nf8 15.fxe6 fxe6 16.Qd2 Ng4
17.Bxe7 Rxe7 18.b3 Rd8 19.Rf1 Ne5 20.Rcd1 Bc8 21.Kh1 Rf7 22.Rxf7 Nxf7 23.Rf1 Ne5
24.Nce2 Re8 25.Nf4 Ng4 26.Qe2 Ne5 27.Nf3 Nxf3 28.Bxf3 Bb7 29.Bg2 Nd7 30.Nh5 Ne5
31.Qe3 Qc5 32.Qf4 Qc7 33.Qg5 Kh8 34.Qd2 Kg8 35.Rd1 Nf7 36.Qf4 Qe7 37.Qg4 Ne5
38.Qe2 Qc7 39.Qd2 Nf7 40.Nf4 Qc5 41.Nd3 Qd4 42.Qe2 Re7 43.h4 Ne5 44.Nf4 Qc5
45.Bh3 Bc8 46.Qd2 Nf7 47.Kh2 a5 48.Rf1 Ne5 49.Qe2 Qa3 50.Rd1 Qc5 51.Nd3 Nxd3
52.Qxd3 Qf2+ 53.Bg2 Qf6 54.Rf1 Qe5 55.Qf3 Qf6 56.Qe3 Qe5 57.Qf2  1-0

[Event "5th Chennai Open 2013"]
[Site "Chennai IND"]
[Date "2013.01.16"]
[Round "1"]
[White "Lalith,B"]
[Black "Godbole,A"]
[Result "1-0"]
[WhiteElo "2541"]
[BlackElo "1891"]

1.Nf3 Nf6 2.c4 e6 3.Nc3 c5 4.g3 b6 5.Bg2 Bb7 6.O-O Be7 7.Re1 d6 8.e4 O-O
9.d4 cxd4 10.Nxd4 a6 11.e5 dxe5 12.Bxb7 exd4 13.Bxa8 dxc3 14.Qxd8 Rxd8 15.bxc3 Nbd7
16.Bg2 Rc8 17.Bf1 Ng4 18.Rd1 Nc5 19.Ba3 f5 20.Bg2 Ne5 21.Bxc5 Bxc5 22.Bb7 Rf8
23.Re1 Nd3 24.Re2 f4 25.Kg2 g5 26.Rd1 Rd8 27.Red2 Ne1+ 28.Kf1  1-0

[Event "TCh-AUT 2012-13"]
[Site "Graz AUT"]
[Date "2013.01.17"]
[Round "4.6"]
[White "Gerhold,M"]
[Black "Juhasz,A"]
[Result "1/2-1/2"]
[WhiteElo "2256"]
[BlackElo "2207"]

1.Nf3 Nf6 2.c4 e6 3.Nc3 c5 4.g3 b6 5.Bg2 Bb7 6.O-O Be7 7.Re1 d5 8.cxd5 Nxd5
9.e4 Nb4 10.d4 cxd4 11.Nxd4 N8c6 12.Nxc6 Qxd1 13.Rxd1 Bxc6 14.a3 Nc2 15.Ra2 Rd8
16.Rxd8+ Bxd8 17.b4 Nd4 18.Be3 Nb5 19.e5 Bd7 20.Ne4 O-O 21.Rd2 Bc8 22.a4 Nc7
23.Nd6 Bd7 24.Nb7 Nd5 25.Nxd8 Rxd8 26.Bxd5 exd5 27.Rxd5 h6 28.a5 bxa5 29.bxa5 Kf8
30.Bxa7 Ke8 31.Bb6 Rc8 32.Rd1 Bb5 33.Be3 Ra8 34.Ra1 Ke7 35.f4 Ke6 36.Kf2 Kf5
37.h3 Ke4 38.Bb6 Rc8 39.Re1+ Kf5 40.Kf3 Rc3+ 41.Re3 Rxe3+ 42.Kxe3 h5 43.Bd8 Bf1
44.Kf3 Ke6 45.g4 hxg4+ 46.hxg4 Kd5 47.Bc7 Kc6 48.Bb6 Kd5 49.Bd8 Bd3 50.Ke3 Bf1
51.Bh4 Ba6 52.Bg3 g6 53.f5 gxf5 54.gxf5 Bc8 55.e6 Bxe6 56.fxe6 fxe6  1/2-1/2

[Event "TCh-SVK Extraliga 2012-13"]
[Site "Slovakia SVK"]
[Date "2013.01.19"]
[Round "5.1"]
[White "Straka,Joz1"]
[Black "Najgebauer,S"]
[Result "1-0"]
[WhiteElo "2005"]
[BlackElo "2187"]

1.Nf3 Nf6 2.c4 c5 3.Nc3 d5 4.cxd5 Nxd5 5.e3 Nxc3 6.bxc3 g6 7.d4 Bg7 8.Be2 O-O
9.O-O Nc6 10.Ba3 cxd4 11.cxd4 a6 12.Qd2 b5 13.Rfc1 Bb7 14.Bc5 Re8 15.a4 bxa4
16.Rxa4 Qd7 17.Qa2 Nb8 18.Qa3 e6 19.Bd6 Rc8 20.Rxc8+ Qxc8 21.Rc4 Nc6 22.Ne5 Qe8
23.Nd3 Na7 24.Bg3 Nb5 25.Qa5 Bd5 26.Rc1 Bf6 27.Nc5 Qc6 28.Qd2 Bxg2 29.Nxe6 Qxe6
30.Kxg2 h5 31.Bf3 Rc8 32.d5 Qd7 33.Rxc8+ Qxc8 34.d6 Qd7 35.Qd5 Kg7 36.h3 Na7
37.e4 Nb5 38.e5 Bd8 39.Qa8 Nd4 40.Bd5 h4 41.Bf4 g5 42.Be3 Nc2 43.Bd2 g4 44.Bc6 gxh3+
45.Kh1 Qg4 46.Qxd8 Nd4 47.Qf6+ Kg8 48.Bd5  1-0

[Event "Marianske Lazne GM 2013"]
[Site "Marianske Lazne CZE"]
[Date "2013.01.20"]
[Round "3.1"]
[White "Chernyshov,K"]
[Black "Bejtovic,J"]
[Result "1/2-1/2"]
[WhiteElo "2530"]
[BlackElo "2387"]

1.Nf3 c5 2.c4 Nf6 3.Nc3 g6 4.b3 Bg7 5.Bb2 O-O 6.e3 Nc6 7.Be2 b6 8.O-O Bb7
9.d4 cxd4 10.Nxd4 Nxd4 11.Qxd4  1/2-1/2

[Event "TCh-LTU 2013"]
[Site "Vilnius LTU"]
[Date "2013.01.20"]
[Round "2.1"]
[White "Sulskis,S"]
[Black "Bucinskas,V"]
[Result "1-0"]
[WhiteElo "2550"]
[BlackElo "2373"]

1.c4 c5 2.Nf3 Nf6 3.Nc3 d5 4.cxd5 Nxd5 5.e4 Nxc3 6.bxc3 g6 7.Qa4+ Nd7 8.e5 e6
9.h4 Qc7 10.Rb1 h6 11.d4 Be7 12.Bd3 Kf8 13.O-O cxd4 14.cxd4 Nb6 15.Qa5 Nd5
16.Qxc7 Nxc7 17.Be4 Nd5 18.Bd2 Kg7 19.Bxd5 exd5 20.Bb4 Bd8 21.Bd6 b6 22.Rfe1 Be6
23.Rbc1 g5 24.g3 Kg6 25.Rc3 Kh5 26.Kg2 g4 27.Ng1 Bf5 28.Rc6 Bd3 29.e6 fxe6
30.Rxe6 Bb5 31.Ne2 Bxe2 32.Rxe2 Bf6 33.Be5  1-0

[Event "5th Chennai Open 2013"]
[Site "Chennai IND"]
[Date "2013.01.23"]
[Round "11"]
[White "Shyam,N"]
[Black "Anand,Raj"]
[Result "1-0"]
[WhiteElo "2411"]
[BlackElo "2069"]

1.Nf3 Nf6 2.c4 c5 3.Nc3 d5 4.cxd5 Nxd5 5.d4 cxd4 6.Qxd4 e6 7.e4 Nxc3 8.Qxc3 Nc6
9.a3 Qf6 10.Qxf6 gxf6 11.Be3 Bd6 12.Rd1 Ke7 13.Nd2 b6 14.Bb5 Bb7 15.f4 Rhd8
16.Kf2 Bc5 17.Bxc5+ bxc5 18.Nb3 Nd4 19.Nxc5 Bxe4 20.Ba4 Bc2 21.Bxc2 Nxc2
22.Nb3 Rd5 23.Rxd5 exd5 24.Rd1 Rb8 25.Rd3 Kd6 26.g3 f5 27.h3 h5 28.Kf1 Rb7
29.Na5 Rb5 30.b4 d4 31.Ke2 Kd5 32.Kd2 Ne3 33.Nb3 Nc4+ 34.Kc1 Nd6 35.Nxd4 Rb8
36.Nxf5+ Ke4 37.Rxd6 Kxf5 38.Rd5+ Kg6 39.Ra5 Rb7 40.Kd2 Rd7+ 41.Ke3 Re7+
42.Kf3 Rc7 43.Ra6+ f6 44.g4 Rc3+ 45.Kg2 h4 46.Rxa7 Rc2+ 47.Kf3 Rc3+ 48.Ke4 Rxh3
49.f5+ Kh6 50.Rf7 Rxa3 51.Rxf6+ Kg7 52.Rg6+ Kh7 53.Kf4 Rb3 54.Kg5 h3 55.f6 Rxb4
56.Rh6+ Kg8 57.Rxh3 Rb7 58.Kg6 Rg7+ 59.Kf5 Ra7 60.g5 Rb7 61.Rd3 Rb5+ 62.Kg6 Rb8
63.Rd7  1-0

[Event "15th Nord-West Cup"]
[Site "Bad Zwischenahn GER"]
[Date "2013.01.26"]
[Round "5.3"]
[White "Krivonosov,O"]
[Black "Solodovnichenko,Y"]
[Result "1/2-1/2"]
[WhiteElo "2462"]
[BlackElo "2567"]

1.Nf3 c5 2.c4 Nf6 3.Nc3 e6 4.g3 b6 5.Bg2 Bb7 6.O-O Be7 7.d4 cxd4 8.Qxd4 d6
9.Rd1 O-O 10.Bg5 Nc6 11.Qf4 Qb8 12.Nb5 Ne5 13.Bxf6 Bxf6 14.Nxd6 Nxf3+ 15.Bxf3 Bxf3
16.Qxf3 Bxb2 17.Rab1 Be5 18.c5  1/2-1/2

[Event "18th HIT Open A 2013"]
[Site "Nova Gorica SLO"]
[Date "2013.01.26"]
[Round "2.2"]
[White "Tratar,M"]
[Black "Debevec,B"]
[Result "1/2-1/2"]
[WhiteElo "2517"]
[BlackElo "2081"]

1.c4 c5 2.Nf3 Nf6 3.Nc3 g6 4.e4 Nc6 5.d4 cxd4 6.Nxd4 Bg7 7.Be3 O-O 8.Be2 b6
9.Qd2 Bb7 10.f3 e6 11.O-O-O Rc8 12.Nxc6 Bxc6 13.Kb1 a6 14.Bh6 b5 15.Bxg7 Kxg7
16.e5 Ne8 17.cxb5 axb5 18.Bxb5 Qb6 19.Qd4 Qb7 20.Bxc6 Rxc6 21.Ne4 Nc7 22.Nc5 Qa8
23.Nxd7 Rd8 24.Qh4 Nd5 25.Rxd5 exd5 26.Nf6 h6 27.Qd4 Rc4 28.Qd2 Qa4 29.Ng4 g5
30.b3 Rb8 31.Qb2 Qc6 32.e6+ Rc3 33.Ne3 f6 34.Nf5+ Kh7 35.Rc1 Rxc1+ 36.Qxc1 Qxc1+
37.Kxc1 Rb6 38.e7 Re6 39.Kd2 Kg6 40.g4 Kf7 41.a4 Rb6 42.Kc3 Rc6+ 43.Kb4 Rb6+
44.Ka3 d4 45.Nxd4 Kxe7 46.a5 Ra6 47.Ka4 Kd6 48.Kb5 Ra8 49.b4 Rb8+ 50.Kc4 Rc8+
51.Kb3 Kd5 52.Nf5 Rc1 53.Nxh6 Rb1+ 54.Kc3 Rf1 55.a6 Ra1 56.b5 Kc5 57.Kb2 Ra5
58.Ng8 Rxb5+ 59.Kc3 Ra5 60.Nxf6 Rxa6 61.Ne4+ Kd5 62.Nxg5 Ke5 63.h4 Kf4 64.Kd4 Rd6+
65.Kc5 Rh6 66.Kd5  1/2-1/2

[Event "TCh-CZE Div1 Vychod 2012-13"]
[Site "Czech Republic CZE"]
[Date "2013.01.27"]
[Round "6.2"]
[White "Worek,J"]
[Black "Ponizil,C"]
[Result "0-1"]
[WhiteElo "2278"]
[BlackElo "2377"]

1.c4 Nf6 2.Nc3 c5 3.Nf3 b6 4.d4 cxd4 5.Nxd4 Bb7 6.Bg5 d6 7.e3 Nbd7 8.f3 e6
9.Be2 h6 10.Bh4 Be7 11.O-O O-O 12.Bf2 Qc7 13.Rc1 Rac8 14.a3 Qb8 15.b4 a6
16.Re1 Qa8 17.e4 Bd8 18.Nb3 Bc7 19.Kh1 Qb8 20.Bg1 Kh8 21.a4 Ne5 22.Qd2 Rfd8
23.Qb2 Kg8 24.Rb1 d5 25.exd5 exd5 26.c5 bxc5 27.bxc5 Qa8 28.Nd4 Bc6 29.Qc2 Ba5
30.Rec1 Nc4 31.Qa2 Bd7 32.Nxd5 Nxd5 33.Qxc4 Bd2 34.Rd1 Be3 35.Rb3 Bxg1 36.Rxg1 Nf4
37.Bd3 Ne6 38.Be4 Qa7 39.Nf5 Rxc5 40.Qf1 Bc6 41.Bxc6 Rxf5 42.Be4 Rh5 43.Rb7 Qd4
44.Qa1 Qd6 45.g3 Nc5 46.Rb4 Qd2  0-1

[Event "TCh-CZE Div1 Zapad 2012-13"]
[Site "Czech Republic CZE"]
[Date "2013.01.27"]
[Round "6.4"]
[White "Kraus,To"]
[Black "Vaculik,M"]
[Result "1-0"]
[WhiteElo "2290"]
[BlackElo "2277"]

1.Nf3 Nf6 2.c4 g6 3.Nc3 c5 4.g3 b6 5.Bg2 Bb7 6.O-O Bg7 7.Re1 O-O 8.e4 d6
9.d4 cxd4 10.Nxd4 Qc8 11.b3 Nc6 12.Bb2 Nxd4 13.Qxd4 Re8 14.Nd5 Bxd5 15.cxd5 Qd7
16.Bf1 Rec8 17.Qd2 h5 18.Ba6 Rc7 19.Rac1 Rxc1 20.Qxc1 Rd8 21.Kg2 h4 22.f3 hxg3
23.hxg3 e6 24.dxe6 Qxe6 25.Bc4 Qe7 26.a4 Nh5 27.Bxg7 Kxg7 28.Qe3 Rh8 29.Qd4+ Nf6
30.Rd1 Qe5 31.Qxd6 Qh5 32.Kf2 Qh2+ 33.Ke3 Rh3 34.Qe7 Qb2 35.Qxf7+ Kh6 36.Qf8+ Kh7
37.Qf7+ Kh6 38.Qf8+ Kh7 39.Qe7+ Kh6 40.Rd2 Qc3+ 41.Rd3 Qa1 42.Qf8+ Kh7 43.Rd8 Qc1+
44.Kd3 Qd1+ 45.Kc3 Nxe4+ 46.fxe4 Rxg3+ 47.Kb4 Qe1+ 48.Kb5 Rg5+ 49.Bd5 Qe2+
50.Kc6 Qc2+ 51.Kb7  1-0

[Event "1st Maksym Yusupov Mem"]
[Site "Lviv UKR"]
[Date "2013.02.01"]
[Round "2.4"]
[White "Nester,I"]
[Black "Sychevskyy,Andriy"]
[Result "1-0"]
[WhiteElo "2328"]
[BlackElo "2083"]

1.Nf3 Nf6 2.c4 c5 3.Nc3 e6 4.e4 d5 5.exd5 exd5 6.d4 cxd4 7.Nxd4 dxc4 8.Bxc4 Be7
9.h3 O-O 10.O-O a6 11.Bf4 Qb6 12.Na4 Qd8 13.Rc1 Ne4 14.Bc7 Qe8 15.Nb6 Ra7
16.Bxb8  1-0

[Event "TCh-SWE Elite 2012-13"]
[Site "Sweden SWE"]
[Date "2013.02.02"]
[Round "5"]
[White "Vernersson,P"]
[Black "Eriksson,A"]
[Result "0-1"]
[WhiteElo "2362"]
[BlackElo "2297"]

1.Nf3 Nf6 2.c4 c5 3.Nc3 e6 4.e3 Be7 5.d4 cxd4 6.exd4 d5 7.cxd5 Nxd5 8.Bd3 Nc6
9.O-O O-O 10.Re1 Nf6 11.a3 b6 12.Bg5 Bb7 13.Bc2 Rc8 14.Qd3 g6 15.Bh6 Re8
16.Rad1 Nd5 17.Nxd5 Qxd5 18.Bb3 Qh5 19.Qe3 Na5 20.Bxe6 Bf8 21.Ng5 Rxe6 22.Nxe6 Bxh6
23.Nf4 Qg4 24.g3 Bxf4 25.Qxf4 Qxf4 26.gxf4 Kf8 27.Rc1 Rxc1 28.Rxc1 Bd5 29.Rc7 Nc6
30.Rd7 Be6 31.Rc7 Nxd4 32.Rxa7 Ne2+ 33.Kf1 Nxf4 34.Rb7 Nd5 35.Ke2 Ke8 36.Kd3 Kd8
37.Rb8+ Kc7 38.Rh8 h5 39.Kd4 Nf6 40.f3 Kd6 41.Rd8+ Nd7 42.f4 Kc7 43.Rg8 Nf6
44.Rh8 Kc6 45.b4 Ng4 46.h4 Nf6 47.Rf8 Nd7 48.Rc8+ Kd6 49.b5 Bd5 50.Rd8 Bf3
51.Re8 Nc5 52.Ke3 Bg4 53.Rb8 Kc7 54.Rf8 Be6 55.f5 Bxf5 56.Rxf7+ Kd6 57.Ra7 Kd5
58.a4 Kc4 59.a5 Kxb5 60.axb6 Kxb6 61.Ra1 Kc6 62.Rd1 Nd3 63.Ra1 Kd5 64.Ra5+ Nc5
65.Rb5 Kd6 66.Rb6+ Ke7 67.Kf4 Ne6+ 68.Ke5 Nf8 69.Kf4 Kf7 70.Ra6 Kg7 71.Ke5 Nd7+
72.Kf4 Nc5 73.Rb6 Ne6+ 74.Ke5 Nd8 75.Kf4 Nf7 76.Ra6 Bc8 77.Rc6 Bg4 78.Ra6 Kh6
79.Ra8 Kg7 80.Ra6 Be2 81.Rb6 Bc4 82.Rc6 Bd5 83.Ra6 Nh6 84.Kg5 Bf7 85.Rb6 Nf5
86.Ra6 Nd4 87.Kf4 Ne6+ 88.Ke5 g5 89.hxg5 Kg6 90.Ke4 Kxg5 91.Kf3 Nd4+ 92.Kg2 Bd5+
93.Kh3 Bf3 94.Ra4 Nf5 95.Kh2 Bd1 96.Rb4 Be2 97.Rb2 Bg4 98.Rb4 h4 99.Rb8 Nh6
100.Rb7 Bf5 101.Rg7+ Kf6 102.Ra7 Nf7 103.Ra6+ Kg5 104.Ra8 Ne5 105.Rg8+ Kf4
106.Rh8 Nf3+ 107.Kg2 Kg4 108.Rb8 Ng5 109.Rb4+ Be4+ 110.Kh2 h3 111.Ra4 Nf3+
112.Kh1 Nd2+ 113.Kg1 Kg3 114.Ra3+ Bf3  0-1

[Event "TCh-SWE Elite 2012-13"]
[Site "Sweden SWE"]
[Date "2013.02.02"]
[Round "5"]
[White "Alwaeli,Looay"]
[Black "Dragicevic,Draz"]
[Result "1/2-1/2"]
[WhiteElo "1833"]
[BlackElo "2306"]

1.Nf3 Nf6 2.c4 c5 3.Nc3 d5 4.cxd5 Nxd5 5.g3 Nc6 6.Bg2 Nc7 7.O-O e5 8.d3 Be7
9.Be3 Be6 10.Qc1 f6 11.Na4 b6 12.Bd2 Qd7 13.Rd1 Rc8 14.b3 O-O 15.Qb2 Rfd8
16.Rac1 Bf8 17.Be1 Na6 18.Nc3 Nab4 19.a3 Na6 20.Ne4 Qf7 21.Rb1 Qh5 22.Bc3 Nc7
23.b4 cxb4 24.Bxb4 Nxb4 25.axb4 Na6 26.b5 Nc5 27.Nxc5 Rxc5 28.d4 exd4 29.Nxd4 Bf7
30.e3 Rc4 31.Bf3 Qc5 32.Qe2 Rc3 33.Ra1 Ra3 34.Rac1 Rc3 35.Ra1 Ra3 36.Rac1 Qe5
37.Kg2 Ra2 38.Rd2 Rxd2 39.Qxd2 Qxb5 40.Nxb5 Rxd2 41.Nxa7 Bc5 42.Nb5 g6 43.Kg1 Kg7
44.Nc3 Bb4 45.Ne4 Rb2 46.Rc7 b5 47.Ng5 fxg5 48.Bd5 h5 49.Rxf7+ Kh6 50.h4 gxh4
51.gxh4 Rd2  1/2-1/2

[Event "ch-TUR 2013"]
[Site "Antalya TUR"]
[Date "2013.02.03"]
[Round "2.44"]
[White "Kirali,M"]
[Black "Eremkere,M"]
[Result "1-0"]
[WhiteElo "2005"]
[BlackElo "1794"]

1.c4 c5 2.Nc3 e6 3.Nf3 Nf6 4.e4 d6 5.d4 cxd4 6.Nxd4 a6 7.Be2 Be7 8.O-O O-O
9.b3 Qc7 10.Bb2 b6 11.Bf3 Bb7 12.g3 Nbd7 13.Bg2 Rad8 14.Rc1 Ba8 15.Qe2 Ne8
16.Rfd1 Bf6 17.Rd2 g6 18.Rcd1 Bg7 19.Bh3 Nc5 20.b4 e5 21.Nc2 Ne6 22.Nd5 Bxd5
23.cxd5 Ng5 24.Bg2 f5 25.exf5 gxf5 26.h4 Nf7 27.Ne3 Nh6 28.Rc2 Qa7 29.Bh3 b5
30.Ng2 Nf6 31.Qe3 Qa8 32.Rc7 Rf7 33.Rxf7 Kxf7 34.Qf3 a5 35.bxa5 Qxa5 36.a3 Qa4
37.Ne3 f4 38.Be6+ Ke7 39.gxf4 Qxf4 40.Qxf4 exf4 41.Nc2 Nhg4 42.Nd4 Ne5 43.Nf5+ Kf8
44.Bc3 Ne4 45.Bb4 Bf6 46.Kg2 f3+ 47.Kf1 Nc4 48.h5 Bg5 49.Rd3 Ra8 50.Ke1 Bd2+
51.Bxd2 Ncxd2 52.Nxd6 Nxd6 53.Kxd2 Nc4+ 54.Kc2 Nxa3+ 55.Kb3 Nc4 56.Rxf3+ Ke8
57.Rf7 Ra1 58.Rxh7 Rb1+ 59.Kc3 Ne5 60.f4 Nf3 61.d6 Rd1 62.Rh8+  1-0

[Event "Asian Zonal 3.2 2013"]
[Site "Thulhiriya City PHI"]
[Date "2013.02.04"]
[Round "3.6"]
[White "Rajapaksha,RMCM"]
[Black "Thapa,K"]
[Result "0-1"]
[WhiteElo "2110"]
[BlackElo "2040"]

1.Nf3 c5 2.c4 Nf6 3.Nc3 g6 4.g3 Bg7 5.Bg2 Nc6 6.O-O O-O 7.d4 cxd4 8.Nxd4 Nxd4
9.Qxd4 d6 10.Qd3 Rb8 11.Be3 a6 12.Ba7 Ra8 13.Bd4 Bf5 14.e4 Be6 15.b3 Qc7
16.Rfe1 Nd7 17.Bxg7 Kxg7 18.Qd4+ Kg8 19.Nd5 Qd8 20.h4 h5 21.f4 Rc8 22.Ne3 Nb8
23.e5 Nc6 24.Bxc6 Rxc6 25.Rad1 Qa5 26.a4 dxe5 27.fxe5 Qb4 28.Nd5 Qxb3 29.Nxe7+ Kh7
30.Re3 Rxc4 31.Rxb3 Rxd4 32.Rxd4 Bxb3 33.Rb4 Be6 34.Rxb7 Rd8 35.Nc6 Rd3 36.Kf2 Bd5
37.Rb6 Rf3+ 38.Ke2 Rxg3 39.Rxa6 Rc3 40.Nb4 Bc4+ 41.Kd2 Rh3 42.Rb6 Ra3 43.Rc6 Be6
44.Ra6 g5 45.hxg5 h4 46.Nd3 h3 47.g6+ Kxg6 48.Nf4+ Kf5 49.Ra8 h2 50.Rh8 Ra1  0-1

[Event "Moscow Open A 2013"]
[Site "Moscow RUS"]
[Date "2013.02.05"]
[Round "4.15"]
[White "Halkias,S"]
[Black "Meribanov,V"]
[Result "0-1"]
[WhiteElo "2566"]
[BlackElo "2426"]

1.Nf3 c5 2.c4 Nf6 3.Nc3 g6 4.g3 Bg7 5.d4 cxd4 6.Nxd4 Nc6 7.Bg2 O-O 8.O-O Nxd4
9.Qxd4 d6 10.Qd3 a6 11.Rd1 Qa5 12.h3 Rb8 13.Bd2 Be6 14.Rac1 Rfc8 15.c5 dxc5
16.Bf4 b5 17.Bxb8 Rxb8 18.Qe3 b4 19.Nd5 Bxd5 20.Bxd5 Nxd5 21.Rxd5 Bxb2 22.Rcxc5 Qxa2
23.Qxe7 Kg7 24.Rd7 Bf6 25.Qe4 a5 26.Rcc7 Rf8 27.Ra7 Bc3 28.h4 a4 29.h5 a3
30.hxg6 hxg6 31.Kg2 Rh8 32.Qf4 Rf8 33.Qe4 Rh8 34.Rd5 Re8 35.Rxf7+ Kxf7  0-1

[Event "Chess Classic ELO Open 2013"]
[Site "Baden-Baden GER"]
[Date "2013.02.10"]
[Round "4.12"]
[White "Partenheimer,A"]
[Black "Tolhuizen,L"]
[Result "1/2-1/2"]
[WhiteElo "2188"]
[BlackElo "2154"]

1.c4 e6 2.Nf3 c5 3.Nc3 Nf6 4.g3 d5 5.cxd5 exd5 6.d4 Nc6 7.Bg2 Be7 8.O-O O-O
9.dxc5 Bxc5 10.a3 Be6 11.b4 Be7 12.Bb2 Qd7 13.Nd4 Bh3 14.Nxc6 bxc6 15.Na4 Bxg2
16.Kxg2 Qe6 17.Bd4 a5 18.Nc5 Bxc5 19.Bxc5 Rfe8 20.Re1 axb4  1/2-1/2

[Event "TCh-CZE Div1 Zapad 2012-13"]
[Site "Czech Republic CZE"]
[Date "2013.02.10"]
[Round "7.6"]
[White "Freisler,P"]
[Black "Rehorek,M"]
[Result "0-1"]
[WhiteElo "2313"]
[BlackElo "2304"]

1.Nf3 Nf6 2.c4 c5 3.Nc3 e6 4.g3 b6 5.Bg2 Bb7 6.O-O Be7 7.d4 cxd4 8.Qxd4 d6
9.b3 O-O 10.Ba3 Na6 11.Rad1 Nc5 12.b4 Nce4 13.Nxe4 Bxe4 14.b5 d5 15.Bxe7 Qxe7
16.Ne5 Bxg2 17.Kxg2 dxc4 18.Qxc4 a6 19.a4 axb5 20.axb5 h5 21.Nc6 Qc7 22.Rd3 Rfd8
23.Rxd8+ Rxd8 24.Ra1 Rd7 25.Ra8+ Kh7 26.Qc2+ g6 27.Qc3 Kg7 28.e4 Qd6 29.Rb8 Qd2
30.Qa3 Nxe4 31.Qf8+ Kf6 32.Qh8+ Kg5 33.h4+ Kg4 34.Ne5+ Kf5 35.g4+ hxg4  0-1